Canciones de La La Love You ¡Muerte Súbita! - Estadísticas

Estadísticas generales
  • Esta prueba ha sido intentada 92 veces
  • La puntuación promedio es 5 de 28
Answers on the Grid
Answers color-coded by a green-red scale on the quiz's grid according to % correct below.
Willy el Tuerto
Vivaldi
Ven Junto a Mi
Un John Wayne Por Ti
Turnedo
Tu Lista
Todos mis amigos están tristes
Todo lo que Importa
Todo Contigo
Tenía Tanto Que Darte
Super (Héroe)
Solo Quiero Bailar
Sabesquetequiero
Resaca Pop
Quiero Quedarme Para Siempre
Quien Quiere Más?
Que nada nos pare (lo más importante)
Princesitas
Poco a Poco
Pócima del Amor
Peter y Wendy
Perdona (Ahora Si Que Si)
Palomitas Para Dos
Normal
No Es Punki-Pop
Mira como Vuelo
Mierda,te quiero...
Mariposas
Mantita y peli
Los ojos,chica,no mienten
Lo Siento,Nena
Laponia
La Típica Canción
Himno (para los que están jodidos)
Fascinados
Es Inevitable
El Hombre del Tiempo
El Fin del Mundo
Diventerai Un Star
Desastre de Persona
Dame un Beso
Cosas Moradas
Como conocí a vuestra madre
Cocodrilo
Carreteras Infinitas
Carrera de Obstáculos
Cariño
BlockBuster
After
Cama Vacía
 
Estadísticas de respuestas
Respuesta % Correcto
El Fin del Mundo
69%
Laponia
47%
Himno (para los que están jodidos)
40%
Que nada nos pare (lo más importante)
34%
Los ojos,chica,no mienten
28%
Pócima del Amor
21%
Sabesquetequiero
21%
Tenía Tanto Que Darte
21%
El Hombre del Tiempo
17%
Lo Siento,Nena
16%
Mierda,te quiero...
16%
No Es Punki-Pop
14%
Quiero Quedarme Para Siempre
14%
Poco a Poco
12%
Originalmente no lo es,pero en los 20 años de Pignoise la remasterizaron Cama Vacía
10%
Mantita y peli
10%
Mariposas
10%
Super (Héroe)
10%
Cocodrilo
9%
Es Inevitable
9%
Palomitas Para Dos
9%
Peter y Wendy
9%
Ven Junto a Mi
9%
Willy el Tuerto
9%
Dame un Beso
5%
Tu Lista
5%
Un John Wayne Por Ti
5%
Diventerai Un Star
3%
No se encontraron pruebas coincidentes
Distribución de puntuación
Porcentaje de gente con cada puntuación
Porcentaje por número respondido
Historial de tus puntuaciones
No has intentado esta prueba.